00315nam a2200109Ia 4500082002000000245002800020260004200048300001000090650002900100650003900129650003700168 a005.740952 DAT; 0aDatabases in Japan 1998 as.l.bDatabase Promotion Centerc1998 a158p. aDatabases - Japan - 1998 aDatabase management - Japan - 1998 aDatabase industry - Japan - 1998